MARC

LEADER 00000nam0a2200000 4500
001 354988
005 20231102010740.0
035 |a (RuTPU)RU\TPU\retro\12247 
090 |a 354988 
100 |a 20200630d1973 km y0rusy50 ca 
101 0 |a rus 
102 |a RU 
105 |a y z 001zy 
200 1 |a Коммунистический интернационал молодежи. Стрицы истории  |f В. В. Привалов 
210 |a Москва  |c Молодая гвардия  |d 1973 
215 |a 304 с. 
320 |a Библиография в ссылках 
606 1 |a Коммунистический интернационал молодежи  |2 stltpush  |3 (RuTPU)RU\TPU\subj\14928  |9 41248 
610 1 |a история 
610 1 |a молодежная культура 
610 1 |a молодежная политика 
610 1 |a молодежные движения 
610 1 |a молодежные организации 
610 1 |a ленинские принципы 
610 1 |a 20 век 
610 1 |a конгрессы 
610 1 |a ВЛКСМ 
610 1 |a капиталистические страны 
610 1 |a СССР 
610 1 |a антифашистское движение 
686 |a Ф75(0)  |v LBC/SL-A  |2 rubbk 
700 1 |a Привалов  |b В. В.  |g Виктор Владимирович 
801 1 |a RU  |b 63413507  |c 20200630 
801 2 |a RU  |b 63413507  |c 20210128  |g RCR 
942 |c BK